000 00999naa a22003017a 4500
001 BR8106308
003 BR-BrBNA
005 20240918174930.0
007 ta
008 230509b bl.||||| |||| 00| 0 por d
040 _aBR-BrBNA
_bpor
_cBiblioteca Nacional de Agricultura
041 _a(Pt)
072 _aF00; F30
_b0430
_bG514
090 _aF00 BR8106308
100 1 _aCastro, E. da M. de
100 1 _aMarinato, R.
245 1 _aEnsaio regional de cultivares irrigadas [algodao, Minas Gerais, Brasil]
260 3 _aBelo Horizonte, MG (Brasil):
_c1981.
500 _aProjeto algodao. Relatorio 78/79 Belo Horizonte, MG (Brasil): 1981. p. 59-60 (BR8106308-AM)F00
650 _aALGODAO
650 _aCOMPETICAO DE VARIEDADE
650 _aCULTURA IRRIGADA
650 _aRENDIMENTO
650 _aMINAS GERAIS
773 0 _tProjeto algodao. Relatorio 78/79
_wF00 BR8106308
_gBelo Horizonte, MG (Brasil), 1981. p. 59-60
909 _a202404
_bLucia
_c55
_dLucia Elande
942 _cAM
_2AGRIS
999 _c314377
_d314377